00276nam a2200097Ia 4500100001500000650001200015654003800027245005500065260004600120546001200166 aMalik/ S.  aGeneral aIndian boiler regulations 1950 aCommentries on Indian Boiler Regulations 1950 bLaw Publishers (I) PvtaAllahabadc1993 aENGLISH